Responses for Show #8357 - Tuesday, March 16, 2021

Champion's winnings & consolation amounts matched to Pancreatic Cancer Dream Team from Stand Up to Cancer.

Contestants

[<< previous game]

Wendy Voelker, a nonprofit fundraising professional from Twinsburg, Ohio

Brendan Sargent, a community organizer originally from Worcester, Massachusetts

Tom Duffey, an engineering manager originally from Chicago, Illinois (whose 1-day cash winnings total $31,400)

[next game >>]

Jeopardy! Round responses

ROLE IN COMMON
TIME FOR AN APP
SMALL MAMMALS
WHAT A DIVE!
ATLANTA: NEWS CLUES
(Katie: Presented by the team at Atlanta's 11Alive news team.)
HARD-HITTING WORDS
    $200 3
Han Solo

Brendan
    $200 13
Tinder

Wendy
    $200 26
(Brendan: What is a mole rat?)

the shrew mole

Brendan
Triple Stumper
    $200 20
a cannonball

Brendan
    $200 25
the Nobel Peace Prize

Brendan
    $200 7
pasting

Brendan
    $400 1
Norman Bates

Brendan
    $400 14
(Katie: Right. Where my podcast is.)
[NOTE: "Radio" was not mentioned by Wendy or Katie.]

iHeartRadio

Wendy
    $400 6
gerbils

Brendan
    $400 21
a jackknife

Tom
    $400 27
governor

Tom
    $400 8
smackdown

Tom
    $600 2
Inspector Clouseau

Wendy
    $600 15
Venmo

Brendan
    $600 12
(Brendan: What are moles?)
(Wendy: What are voles?)

gophers

BrendanWendy
Triple Stumper
    $600 22
(Katie: [Arms out in surprise] Come on, [*], you guys.)

Acapulco

Triple Stumper
    $600 28
Turner

Brendan
    $600 9
whacks

Tom
    $800 4
Lois Lane

Tom
    $800 16
LinkedIn

Brendan
    $800 17
(Brendan: What is a tiger?)
(Tom: What's a lion?)

a squirrel

TomBrendan
Triple Stumper
    $800 23
a swan dive

Tom
    $800 29
(Tom: What is FedEx?)

UPS

TomBrendan
    $800 10
a truncheon

Tom
    $1000 5
(Wendy: Uh, who is... oh.)
...
(Katie: [Snaps fingers] Who is [*]?)

Morticia Addams

Wendy
Triple Stumper
    $1000 19
Instacart

Wendy
    $1000 18
a pangolin

Brendan
    $1,500 24
(Tom: What is...)

a gainer (full gainer)

Tom
    $1000 30
Tyler Perry

Wendy
    $1000 11
wallop

Brendan

Scores at the first commercial break (after clue 16):

Tom Brendan Wendy
$2,600 $3,000 -$400

Scores at the end of the Jeopardy! Round:

Tom Brendan Wendy
$1,100 $4,800 $1,600

Double Jeopardy! Round responses

HISTORIC HENRYS
POETS & POETRY
THAILAND
____ OF THE ____
IT'S THEIR SONG
STARTS & ENDS WITH "E"
    $400 27
Ford

Wendy
    $400 5
(Katie: Right, at age 39, he died.)

Thomas

Brendan
    $400 25
(Katie: [After the following clue selection] Less than a minute.)

Buddhism

Brendan
    $400 10
tip of the iceberg

Brendan
    $400 12
Eminem

Brendan
    $400 24
envelope

Brendan
    $800 9
Kissinger

Wendy
    $800 1
Pablo Neruda

Tom
    $800 26
a bat

Triple Stumper
    $800 19
talk of the town

Tom
    $800 11
Billy Joel

Wendy
    $800 23
evidence

Brendan
    $1200 20
Portugal

Brendan
    $1200 2
Quartets

Triple Stumper
    $1200 28
[The end-of-round signal sounds.]

Muay Thai

Triple Stumper
    $1200 18
hardening of the arteries

Triple Stumper
    $1200 6
Superman

Brendan
    $1200 13
the eyehole (eyepiece)

Brendan
    $2,000 21
(Brendan: Who is... Patrick Henry?)

Henry Clay

Brendan
    $1600 3
(Tom: Who is Evangeline?)

Annabel Lee

TomBrendan
    $4,000 15
(Brendan: What is... head of the Commonwealth?)

Defender of the Faith

Brendan
    $1600 7
"Elton's Song"

Brendan
    $1600 14
(Brendan: What is an eclipse?)

Earthrise

Brendan
Triple Stumper
    $2000 22
(Tom: What's the Tudors?)

Lancaster

Tom
Triple Stumper
    $2000 4
"Invictus"

Brendan
    $2000 16
Lake of the Woods

Triple Stumper
    $2000 8
"Brian's Song"

Tom
    $2000 17
an ermine

Triple Stumper

Scores at the end of the Double Jeopardy! Round:

Tom Brendan Wendy
$1,100 $8,800 $3,600
(lock game)

[wagering suggestions for these scores]

Final Jeopardy! Round responses

TRIPLE-"A" GEOGRAPHY
(Katie: [To Brendan] Your response? What is...)
(Brendan: Uh, Paintbrushia?)
[Laughter]
...
(Katie: A city known for its fine white marble.)
TomWhat is ?
$100
WendyWhat is Alba?
$1,100
BrendanWhat is Paintbrush
$1,200
Carrara

Final scores:

Tom Brendan Wendy
$1,000 $7,600 $2,500
3rd place: $1,000 New champion: $7,600 2nd place: $2,000

Game dynamics:

Coryat scores:

Tom Brendan Wendy
$2,600 $14,800 $3,600
10 R,
5 W
(including 1 DD)
24 R,
6 W
(including 2 DDs)
8 R,
2 W

Combined Coryat: $21,000

[game clues] [game scores] [suggest correction]

Game tape date: 2021-01-20
The J! Archive is created by fans, for fans. Scraping, republication, monetization, and malicious use prohibited; this site may use cookies and collect identifying information. See terms. The Jeopardy! game show and all elements thereof, including but not limited to copyright and trademark thereto, are the property of Jeopardy Productions, Inc. and are protected under law. This website is not affiliated with, sponsored by, or operated by Jeopardy Productions, Inc. Join the discussion at JBoard.tv.